Interwencjonizm w rolnictwie kapitalistycznym.

Saved in:
Bibliographic Details
Main Author: Pohorille, Maksymilian.
Format: Book
Language:Polish
Published: Warszawa, Państwowe Wydawn. Ekonomiczne, 1964.
Edition:[Wyd. 1.]
Subjects:
Tags: Add Tag
No Tags, Be the first to tag this record!
LEADER 00653nam a2200229I 4500
001 006544962-2
005 20020606163548.3
008 960222s1964 pl 000 0 pol
010 |a  66054834  
035 0 |a ocm38805013 
040 |a DLC  |c HLS 
050 0 |a HD1415  |b .P6 
100 1 |a Pohorille, Maksymilian. 
245 1 0 |a Interwencjonizm w rolnictwie kapitalistycznym. 
250 |a [Wyd. 1.] 
260 |a Warszawa,  |b Państwowe Wydawn. Ekonomiczne,  |c 1964. 
300 |a 479 p.  |b illus.  |c 20 cm. 
500 |a Summaries in Russian and English. 
504 |a Bibliographical footnotes. 
650 0 |a Agriculture and state. 
988 |a 20020608 
906 |0 DLC